| 000 | 00843nam a22002537a 4500 | ||
|---|---|---|---|
| 999 |
_c3343 _d3343 |
||
| 003 | AR-CdUCM | ||
| 008 | 190306b ||||| |||| 00| 0 spa d | ||
| 040 |
_aMUNICIPALIDAD PROVINCIAL DEL CUSCO _cBIBLIOTECA MUNICIPAL DEL CUSCO |
||
| 082 |
_a 869.8135 / _bR73 |
||
| 100 |
_aRodó, José Enrique _93067 |
||
| 245 | _aAriel y otros ensayos / | ||
| 260 |
_aLima : _bVisiós Peruana, _c1988. |
||
| 300 |
_a126 páginas ; _c20 cm. |
||
| 440 |
_aAutores Latinamericanos _911082 |
||
| 505 | _aContenido: Ariel -- Bolivar -- Rubén Dario. | ||
| 650 |
_aEnsayos - Uruguay _911083 |
||
| 650 |
_aAutores uruguayos _911084 |
||
| 650 |
_aSiglo XX - Ensayos _911085 |
||
| 650 |
_aAriel - José Enrique Rodo _911086 |
||
| 650 |
_aEnsayo - Ariel - 1900 _911087 |
||
| 650 |
_aJuventud hispanoamericana _911088 |
||
| 942 |
_2ddc _cLIBROS |
||
| 945 | _alccs | ||